[Event "Int. Stuttgarter Stadtmeisterschaft A"]
[Site "Ditzingen"]
[Date "2019.05.30"]
[Round "1.26"]
[White "Giemsa, Alexander"]
[Black "Mareck, Sascha"]
[Result "0-1"]
[WhiteElo "1890"]
[BlackElo "2137"]
[PlyCount "82"]
[EventDate "2019.??.??"]
[WhiteTeam "SC Magstadt"]
[BlackTeam "SV Nürtingen"]

1. e4 c5 2. Nf3 d6 3. d4 cxd4 4. Nxd4 Nf6 5. Nc3 a6 6. Bc4 e6 7. O-O Nbd7 8.
Re1 Ne5 9. Bb3 Qc7 10. f4 Nc6 11. Nf3 Bd7 12. h3 O-O-O 13. Be3 Na5 14. Rc1 Nc4
15. Bxc4 Qxc4 16. Bb6 Be7 17. Bxd8 Rxd8 18. Qd3 Qc7 19. e5 Nh5 20. Qxh7 Nxf4
21. Qxg7 Bc6 22. Qg4 dxe5 23. Rcd1 f5 24. Rxd8+ Qxd8 25. Qg7 Bf6 26. Qf7 Bxf3
27. gxf3 Qd2 28. Re2 Nxe2+ 29. Nxe2 Qe1+ 30. Kg2 Qxe2+ 31. Kg1 Bd8 32. Qxe6+
Kb8 33. Qe8 Qd1+ 34. Kg2 Qxc2+ 35. Kg3 Qd3 36. h4 e4 37. Kf4 Qxf3+ 38. Ke5 Qg3+
39. Kxf5 Qxh4 40. Qe5+ Ka7 41. Qxe4 Qxe4+ 0-1

[Event "Int. Stuttgarter Stadtmeisterschaft A"]
[Site "Ditzingen"]
[Date "2019.05.30"]
[Round "1.27"]
[White "Hüttig, Michael"]
[Black "Mikeler, Marcel"]
[Result "1-0"]
[WhiteElo "2114"]
[BlackElo "1889"]
[PlyCount "123"]
[EventDate "2019.??.??"]
[WhiteTeam "SC Erdmannhausen"]
[BlackTeam "Heilbronner SV"]

1. Nf3 d5 2. g3 Nf6 3. Bg2 b6 4. O-O e6 5. d3 Bb7 6. Nbd2 Be7 7. e4 dxe4 8. Ng5
Qc8 9. dxe4 Nbd7 10. Re1 h6 11. Ngf3 Nc5 12. e5 Nfe4 13. Nxe4 Nxe4 14. Nd4 Ng5
15. Bxg5 Bxg5 16. Nc6 O-O 17. h4 Qe8 18. hxg5 Bxc6 19. gxh6 g6 20. Bxc6 Qxc6
21. Qd2 Qf3 22. Re3 Qh5 23. Re4 Rad8 24. Qf4 Qf5 25. Qe3 g5 26. g4 Qg6 27. Kg2
Kh7 28. Rh1 Rg8 29. f3 Rd5 30. Kg3 Rd7 31. a4 Rd5 32. c4 Rd7 33. b4 Rgd8 34.
Rh5 Rd3 35. Qxg5 Qxg5 36. Rxg5 Kxh6 37. Rh5+ Kg7 38. g5 R8d4 39. Rhh4 Rxe4 40.
Rxe4 Ra3 41. Rd4 Rxa4 42. b5 Kg6 43. Kg4 a5 44. bxa6 c5 45. Rf4 Rxa6 46. Rf6+
Kg7 47. g6 fxg6 48. Rxe6 Ra1 49. Rxb6 Rc1 50. Rb7+ Kf8 51. Kg5 Rxc4 52. Kxg6
Rf4 53. Rb3 Ke7 54. Kg5 Rb4 55. Ra3 Ke6 56. f4 c4 57. Ra6+ Kd5 58. Rd6+ Ke4 59.
e6 Rb5+ 60. Kg4 Rb1 61. e7 Rg1+ 62. Kh5 1-0

[Event "Int. Stuttgarter Stadtmeisterschaft A"]
[Site "Ditzingen"]
[Date "2019.05.30"]
[Round "1.28"]
[White "Heeke, Guido"]
[Black "Schwab, Matthias"]
[Result "0-1"]
[WhiteElo "1883"]
[BlackElo "2114"]
[PlyCount "44"]
[EventDate "2019.??.??"]
[WhiteTeam "SV Letmathe 1933 e. V."]
[BlackTeam "SC WeiÃŸe Dame Ulm e.V."]

1. c4 e5 2. Nc3 Nc6 3. g3 Bc5 4. Bg2 a6 5. e3 d6 6. Nge2 Ba7 7. O-O h5 8. d4 h4
9. d5 Nce7 10. e4 hxg3 11. hxg3 Nf6 12. Qd3 Ng4 13. Nd1 Ng6 14. Re1 Qf6 15. Qf3
Qe7 16. Qd3 Bd7 17. a4 O-O-O 18. b4 Rh2 19. Ne3 Bxe3 20. Bxe3 Rdh8 21. f3 Nh4
22. gxh4 Qxh4 0-1

[Event "Int. Stuttgarter Stadtmeisterschaft A"]
[Site "Ditzingen"]
[Date "2019.05.30"]
[Round "1.29"]
[White "Klings, Peter"]
[Black "Khamenya, Vitalia"]
[Result "1-0"]
[WhiteElo "2112"]
[BlackElo "1877"]
[PlyCount "59"]
[EventDate "2019.??.??"]
[WhiteTeam "Freibauer Mörlenbach-Birkenau"]
[BlackTeam "SK Gräfelfing"]

1. Nf3 Nf6 2. c4 d6 3. d4 g6 4. Nc3 Bg7 5. e4 O-O 6. Be2 e5 7. Be3 Nc6 8. d5
Ne7 9. Nd2 Ne8 10. g4 c6 11. h4 f5 12. f3 f4 13. Bf2 Nf6 14. a3 Bd7 15. Qb3 Qc8
16. c5 cxd5 17. exd5 Qb8 18. Bc4 Kh8 19. Nde4 Nc8 20. O-O-O dxc5 21. Bxc5 Rd8
22. Nxf6 Bxf6 23. Ne4 Bg7 24. d6 b6 25. Bb4 a5 26. Bc3 b5 27. Ng5 Be8 28. Bf7
Ra7 29. Bxe8 Rxe8 30. d7 1-0

[Event "Int. Stuttgarter Stadtmeisterschaft A"]
[Site "Ditzingen"]
[Date "2019.05.30"]
[Round "1.30"]
[White "Natzmer, Franz Helmut Medina"]
[Black "Einwiller, Dieter"]
[Result "1-0"]
[WhiteElo "1877"]
[BlackElo "2104"]
[PlyCount "99"]
[EventDate "2019.??.??"]
[WhiteTeam "Proleter Westfalen"]
[BlackTeam "SF Pfullingen"]

1. c4 e5 2. Nc3 Bb4 3. e4 Nf6 4. Nge2 d6 5. g3 Nc6 6. Bg2 h5 7. d4 exd4 8. Nxd4
Nxd4 9. Qxd4 Bc5 10. Qd3 Ng4 11. Nd1 h4 12. f4 hxg3 13. hxg3 Rxh1+ 14. Bxh1 Qf6
15. Bd2 Qh6 16. Qf3 Nh2 17. Qg2 Bg4 18. Ne3 Nf3+ 19. Ke2 Nd4+ 20. Kd3 Be2+ 21.
Kc3 Bf3 22. Qf1 Bxh1 23. Qxh1 Ne2+ 24. Kd3 Nd4 25. Qxh6 gxh6 26. Rh1 O-O-O 27.
Rxh6 Rg8 28. Bc3 Ne6 29. Rh8 Rxh8 30. Bxh8 Bb6 31. b4 a5 32. a3 axb4 33. axb4
c6 34. e5 dxe5 35. Bxe5 Kd7 36. c5 Bd8 37. Nc4 f6 38. Bd6 Ng7 39. g4 Ne8 40.
Ke4 b5 41. Na5 Nxd6+ 42. cxd6 Bb6 43. Nb7 Bf2 44. g5 fxg5 45. fxg5 Be1 46. g6
Bc3 47. Kf5 Bd4 48. Ke4 Bg7 49. Kf4 Bc3 50. Nc5+ 1-0

[Event "Int. Stuttgarter Stadtmeisterschaft A"]
[Site "Ditzingen"]
[Date "2019.05.30"]
[Round "1.31"]
[White "SchÃ¤dler, JÃ¼rgen"]
[Black "Cummings, Orlyn"]
[Result "1-0"]
[WhiteElo "2098"]
[BlackElo "1874"]
[PlyCount "160"]
[EventDate "2019.??.??"]
[WhiteTeam "SVG Konstanz"]
[BlackTeam "SK Schmiden/Cannstatt"]

1. Nf3 d6 2. d4 f5 3. g3 Nf6 4. Bg2 g6 5. c3 Bg7 6. Nbd2 c6 7. Qc2 d5 8. Ne5
Nbd7 9. Nxd7 Qxd7 10. O-O O-O 11. Nf3 Ne4 12. Bf4 e6 13. Rfd1 Qe7 14. e3 g5 15.
Be5 b6 16. Bxg7 Kxg7 17. Ne5 Bb7 18. f4 c5 19. Bxe4 fxe4 20. Qa4 gxf4 21. gxf4
Kh8 22. Qd7 Rg8+ 23. Kh1 Qxd7 24. Nxd7 cxd4 25. cxd4 Rac8 26. Rac1 Rxc1 27.
Rxc1 Rc8 28. Rxc8+ Bxc8 29. Ne5 Kg7 30. Kg2 Kf6 31. Kg3 Kg7 32. Kh4 Kh6 33.
Nf7+ Kg6 34. Ne5+ Kh6 35. b4 a6 36. Kg4 b5 37. Kh4 Bb7 38. Nf7+ Kg6 39. Nd8 Bc8
40. Nc6 Kh6 41. a3 Bd7 42. Ne5 Be8 43. Ng4+ Kg6 44. Nf2 Kh6 45. Nh1 Bg6 46. Ng3
Bf5 47. Nf1 Bg6 48. Nd2 Be8 49. Nb3 Bd7 50. Na5 Kg6 51. Nb7 Kh6 52. Nc5 Bc8 53.
Nb3 Bd7 54. Nc1 Be8 55. Ne2 Bf7 56. Ng3 Bg6 57. Nh1 Bf7 58. Nf2 Bh5 59. h3 Be8
60. Ng4+ Kg6 61. Ne5+ Kf6 62. Kg4 h6 63. Kh4 Kg7 64. Kg3 Kf6 65. Kg4 Kg7 66. f5
Kf6 67. fxe6 Kxe6 68. h4 Kf6 69. Kf4 h5 70. Kg3 Ke6 71. Kh3 Kf6 72. Kg2 Ke6 73.
Kg3 Kf6 74. Kf4 Ke6 75. Kg5 Ke7 76. Ng6+ Ke6 77. Nf4+ Kf7 78. Nxh5 Ke6 79. Ng7+
Kf7 80. Nxe8 Kxe8 1-0

[Event "Int. Stuttgarter Stadtmeisterschaft A"]
[Site "Ditzingen"]
[Date "2019.05.30"]
[Round "1.32"]
[White "Jaster, Dirk"]
[Black "Harig, Alexander"]
[Result "1/2-1/2"]
[WhiteElo "1863"]
[BlackElo "2076"]
[PlyCount "55"]
[EventDate "2019.??.??"]
[WhiteTeam "SC Feuerbach e. V."]
[BlackTeam "SK Schweich"]

1. c4 c5 2. Nc3 Nc6 3. Nf3 e5 4. g3 g6 5. Bg2 Bg7 6. d3 Nge7 7. Nd2 d6 8. O-O
O-O 9. Nd5 Be6 10. Rb1 Qd7 11. Nxe7+ Qxe7 12. a3 a5 13. Ne4 h6 14. Nc3 Qd8 15.
f4 Kh7 16. e3 f5 17. Nd5 Ra7 18. Bd2 Ne7 19. Bc3 Re8 20. Qd2 Bxd5 21. cxd5 Ng8
22. e4 fxe4 23. dxe4 b5 24. b4 axb4 25. axb4 c4 26. fxe5 dxe5 27. Qe3 Ree7 28.
Ra1 1/2-1/2

[Event "Int. Stuttgarter Stadtmeisterschaft A"]
[Site "Ditzingen"]
[Date "2019.05.30"]
[Round "1.33"]
[White "Gabriel, Josef"]
[Black "Kistler, Michael"]
[Result "1-0"]
[WhiteElo "2062"]
[BlackElo "1863"]
[PlyCount "53"]
[EventDate "2019.??.??"]
[WhiteTeam "Stuttgarter SF"]
[BlackTeam "VfL Sindelfingen"]

1. e4 c6 2. d4 d5 3. Nd2 dxe4 4. Nxe4 Nd7 5. Bc4 Ngf6 6. Ng5 e6 7. c3 Nb6 8.
Bb3 Be7 9. Ne2 h6 10. Nf3 O-O 11. O-O Qc7 12. Bf4 Bd6 13. Bxd6 Qxd6 14. Qd3
Nbd5 15. Ne5 b6 16. a3 Nc7 17. Rfe1 Ba6 18. Qf3 c5 19. Rad1 Nfd5 20. Ng3 cxd4
21. Rxd4 b5 22. Nh5 Qe7 23. Rg4 g5 24. h4 Kh8 25. hxg5 hxg5 26. Qh3 Kg8 27. Nc6
1-0

[Event "Int. Stuttgarter Stadtmeisterschaft A"]
[Site "Ditzingen"]
[Date "2019.05.30"]
[Round "1.34"]
[White "Kemper, Yannick"]
[Black "Gheng, Dominik"]
[Result "0-1"]
[WhiteElo "1856"]
[BlackElo "2061"]
[PlyCount "58"]
[EventDate "2019.??.??"]
[WhiteTeam "SK 1912 Ludwigshafen"]
[BlackTeam "Schach-Kids Bernhausen e.V."]

1. e4 e5 2. Nf3 Nc6 3. d4 exd4 4. Nxd4 Bc5 5. Nb3 Bb6 6. Nc3 a5 7. Bb5 Nge7 8.
Qe2 Nd4 9. Nxd4 Bxd4 10. Bd2 c6 11. Bc4 b5 12. Bd3 Qb6 13. O-O O-O 14. Kh1 Ba6
15. f4 b4 16. Nd1 Bxd3 17. cxd3 d5 18. Rf3 Rfe8 19. Rh3 c5 20. Be3 Bxe3 21.
Nxe3 dxe4 22. dxe4 Ng6 23. Qf3 Qf6 24. f5 Qxb2 25. Rf1 Nf8 26. Ng4 Ra7 27. f6
g6 28. Qf4 Qe2 29. Rc1 Rxe4 0-1

[Event "Int. Stuttgarter Stadtmeisterschaft A"]
[Site "Ditzingen"]
[Date "2019.05.30"]
[Round "1.35"]
[White "Jerie, Sven"]
[Black "Wirth, Steffen"]
[Result "1-0"]
[WhiteElo "2060"]
[BlackElo "1842"]
[PlyCount "45"]
[EventDate "2019.??.??"]
[WhiteTeam "SG Ludwigsburg 1919"]
[BlackTeam "SSV Zuffenhausen"]

1. e4 c5 2. Nf3 e6 3. d4 cxd4 4. Nxd4 Nc6 5. Nc3 Qc7 6. Be3 a6 7. Qd2 Nf6 8.
O-O-O b5 9. f3 Bb7 10. g4 Nxd4 11. Bxd4 Be7 12. a3 Rc8 13. Kb1 b4 14. axb4 Bxb4
15. Qg5 Qa5 16. Qxg7 Rg8 17. Qxf6 Be7 18. Qe5 Qb4 19. Na2 Qa4 20. b3 Qc6 21.
Bd3 Rg5 22. Qh8+ Bf8 23. h4 1-0

[Event "Int. Stuttgarter Stadtmeisterschaft A"]
[Site "Ditzingen"]
[Date "2019.05.30"]
[Round "1.36"]
[White "Kobald, Jacqueline"]
[Black "Sanati, Charlotte"]
[Result "1/2-1/2"]
[WhiteElo "1839"]
[BlackElo "2059"]
[PlyCount "114"]
[EventDate "2019.??.??"]
[WhiteTeam "SV Stuttgart-Wolfbusch 1956 e.V."]
[BlackTeam "SG Trier"]

1. e4 c5 2. Nf3 g6 3. d4 cxd4 4. Nxd4 Nc6 5. Nc3 Bg7 6. Be3 Nf6 7. Bc4 Qa5 8.
O-O O-O 9. Bb3 d6 10. h3 Bd7 11. Re1 Rac8 12. f4 Nxd4 13. Bxd4 Bc6 14. Nd5 Bxd5
15. exd5 Rfe8 16. Qf3 Nd7 17. Bxg7 Kxg7 18. c3 Nc5 19. f5 Qb6 20. Kh2 Nd7 21.
Rf1 f6 22. fxg6 hxg6 23. Rae1 Ne5 24. Qg3 Rh8 25. Bc2 Rh6 26. Bb3 Rh5 27. Rf4
Rch8 28. Qe3 Qc7 29. Bc2 Qd7 30. Kg1 Rg5 31. Kf2 b6 32. b3 Rgh5 33. Bd1 R5h6
34. Bc2 Rf8 35. Qg3 Qb5 36. Rd4 Qc5 37. Kf1 Rc8 38. Re3 Qa3 39. Bb1 b5 40. Rf4
Qb2 41. Qe1 Qa3 42. Rd4 Qc5 43. Rd1 Rf8 44. Qg3 f5 45. Rxe5 dxe5 46. Qxe5+ Rf6
47. Re1 Kf7 48. Bd3 a6 49. c4 f4 50. Re4 Rh5 51. Qb8 f3 52. Rf4 fxg2+ 53. Kxg2
Rg5+ 54. Kf3 Qg1 55. Rxf6+ exf6 56. Qc7+ Kg8 57. Qd8+ Kf7 1/2-1/2

[Event "Int. Stuttgarter Stadtmeisterschaft A"]
[Site "Ditzingen"]
[Date "2019.05.30"]
[Round "1.37"]
[White "Sieker, Roland"]
[Black "Ohler, Julius"]
[Result "1-0"]
[WhiteElo "2055"]
[BlackElo "1837"]
[PlyCount "81"]
[EventDate "2019.??.??"]
[WhiteTeam "MÃ¶nchfelder SV 1967"]
[BlackTeam "SG Trier"]

1. e4 d5 2. exd5 Qxd5 3. Nc3 Qd8 4. d4 g6 5. Be3 Bg7 6. Qd2 Nf6 7. f3 O-O 8.
O-O-O c6 9. Bh6 Nd5 10. Ne4 f5 11. Bc4 fxe4 12. fxe4 e6 13. exd5 exd5 14. Bd3
Bf5 15. Bxg7 Kxg7 16. Nf3 Nd7 17. h4 h6 18. h5 g5 19. Rde1 Bxd3 20. cxd3 Qf6
21. Qb4 b6 22. Re7+ Rf7 23. Rhe1 c5 24. Rxf7+ Kxf7 25. Qa4 Qf4+ 26. Kc2 Qd6 27.
dxc5 bxc5 28. Qg4 Rf8 29. d4 Kg7 30. Re6 Qc7 31. Rg6+ Kh7 32. Qe6 cxd4+ 33. Kb1
Ne5 34. Rxh6+ Kg7 35. Qxe5+ Qxe5 36. Rg6+ Kh7 37. Nxe5 Rf1+ 38. Kc2 Rf2+ 39.
Kd3 Rxg2 40. Nd7 Rg3+ 41. Kxd4 1-0

[Event "Int. Stuttgarter Stadtmeisterschaft A"]
[Site "Ditzingen"]
[Date "2019.05.30"]
[Round "1.38"]
[White "Christ, Marcel"]
[Black "Schaffert, Walter"]
[Result "0-1"]
[WhiteElo "1836"]
[BlackElo "2055"]
[PlyCount "40"]
[EventDate "2019.??.??"]
[WhiteTeam "SC Ingersheim e.V."]
[BlackTeam "SG Ludwigsburg 1919"]

1. e4 d5 2. exd5 Qxd5 3. Nf3 Bg4 4. Be2 Nc6 5. O-O e5 6. d3 O-O-O 7. Nc3 Qd7 8.
Bg5 f6 9. Bd2 h5 10. Ne4 h4 11. h3 Bf5 12. c3 (12. Bc3 g5 13. Nh2 Be7 14. Bg4
Be6 15. Bxe6 Qxe6 16. f3 f5 17. Nf2 Nf6 18. Qe2 Bc5 19. b4 Nxb4 20. d4 Rxd4 21.
Bxd4 Bxd4 22. Rad1 Qb6 23. a3 Nbd5 24. Rb1 Nc3 25. Qe1 Nxb1 26. Qxb1 Bxf2+)
12... g5 13. Nh2 Be7 14. Bg4 Be6 15. Bxe6 Qxe6 16. f3 f5 17. Nf2 Nf6 18. Qe2
Bc5 19. b4 Nxb4 20. d4 Rxd4 0-1

[Event "Int. Stuttgarter Stadtmeisterschaft A"]
[Site "Ditzingen"]
[Date "2019.05.30"]
[Round "1.39"]
[White "Huber, Benedikt"]
[Black "Dosch, Alexander"]
[Result "1-0"]
[WhiteElo "2051"]
[BlackElo "1831"]
[PlyCount "53"]
[EventDate "2019.??.??"]
[WhiteTeam "SK MÃ¼nchen SÃ¼dost e.V."]
[BlackTeam "SV Multatuli Ingelheim e.V."]

1. d4 d5 2. c4 e6 3. Nc3 Nf6 4. cxd5 exd5 5. Bg5 Be7 6. e3 c6 7. Bd3 O-O 8. Qc2
h6 9. Bh4 Nbd7 10. Nge2 Re8 11. O-O Ne4 12. Bxe7 Qxe7 13. Rae1 Ndf6 14. f3 Nxc3
15. Nxc3 c5 16. Qf2 Bd7 17. e4 dxe4 18. Bxe4 Nxe4 19. Rxe4 Qf6 20. dxc5 Bc6 21.
Rxe8+ Rxe8 22. Rd1 Qe5 23. Qd4 Qf5 24. b4 Qc2 25. b5 Bxb5 26. Nxb5 g6 27. Nc3
1-0

[Event "Int. Stuttgarter Stadtmeisterschaft A"]
[Site "Ditzingen"]
[Date "2019.05.30"]
[Round "1.40"]
[White "Pudmensky, Stefan"]
[Black "Wettengel, Alexander"]
[Result "1/2-1/2"]
[WhiteElo "1819"]
[BlackElo "2049"]
[PlyCount "88"]
[EventDate "2019.??.??"]
[WhiteTeam "SK Lauffen"]
[BlackTeam "Stuttgarter SF"]

1. d4 Nf6 2. Nf3 d5 3. e3 e6 4. c4 c5 5. Nc3 Nc6 6. Bd3 dxc4 7. Bxc4 Be7 8. O-O
O-O 9. dxc5 Bxc5 10. Qxd8 Rxd8 11. a3 Bd7 12. b4 Be7 13. Bb2 Rac8 14. Bb3 a6
15. Rfd1 Be8 16. Ng5 Rxd1+ 17. Rxd1 Rd8 18. Rxd8 Nxd8 19. Nf3 Nc6 20. Kf1 Bd6
21. Ke2 Kf8 22. h3 Ke7 23. g4 h6 24. Nd2 g5 25. Nce4 Nxe4 26. Nxe4 Be5 27. Bxe5
Nxe5 28. Nc3 Bc6 29. e4 Ng6 30. Kf3 Kd6 31. a4 b5 32. axb5 axb5 33. Bd1 f5 34.
gxf5 exf5 35. Be2 fxe4+ 36. Ke3 Nf4 37. Bxb5 Bxb5 38. Nxb5+ Ke5 39. Nc3 Nxh3
40. Nxe4 Nf4 41. Nc3 h5 42. b5 Nd5+ 43. Nxd5 Kxd5 44. f4 gxf4+ 1/2-1/2

[Event "Int. Stuttgarter Stadtmeisterschaft A"]
[Site "Ditzingen"]
[Date "2019.05.30"]
[Round "1.41"]
[White "Pfitzer, Norbert"]
[Black "Hardt, Anton"]
[Result "1/2-1/2"]
[WhiteElo "2047"]
[BlackElo "1816"]
[PlyCount "70"]
[EventDate "2019.??.??"]
[WhiteTeam "SV Backnang"]
[BlackTeam "SK Mannheim-Lindenhof 1865"]

1. Nf3 Nf6 2. d4 d5 3. g3 c5 4. Bg2 Nc6 5. O-O e6 6. c4 cxd4 7. Nxd4 Be7 8. Nc3
O-O 9. cxd5 exd5 10. a3 Re8 11. Bf4 a6 12. Rc1 Bg4 13. h3 Bh5 14. b4 a5 15.
Nxc6 bxc6 16. b5 Bxa3 17. bxc6 Bxc1 18. Qxc1 Rc8 19. g4 Rxc6 20. gxh5 Qc8 21.
Bd2 Rxe2 22. Nxe2 Rxc1 23. Rxc1 Qe8 24. Nf4 h6 25. Bxa5 Qe5 26. Bd2 d4 27. Bf3
Ne4 28. Bxe4 Qxe4 29. Kh2 Qf3 30. Kg1 Kh7 31. Kf1 Qh1+ 32. Ke2 Qe4+ 33. Kf1
Qh1+ 34. Ke2 Qe4+ 35. Kf1 Qh1+ 1/2-1/2

[Event "Int. Stuttgarter Stadtmeisterschaft A"]
[Site "Ditzingen"]
[Date "2019.05.30"]
[Round "1.42"]
[White "FrÃ¶hling, Herbert"]
[Black "Scholtes, Benedikt"]
[Result "0-1"]
[WhiteElo "1811"]
[BlackElo "2046"]
[PlyCount "62"]
[EventDate "2019.??.??"]
[WhiteTeam "SG Ludwigsburg"]
[BlackTeam "SG Trier"]

1. Nf3 d6 2. d4 Nf6 3. c4 Nbd7 4. Nc3 e5 5. d5 Be7 6. e4 h6 7. Be2 c6 8. Be3
Qa5 9. Nd2 g5 10. O-O Nf8 11. Rb1 Ng6 12. dxc6 bxc6 13. b4 Qc7 14. c5 dxc5 15.
Bxc5 Nf4 16. Bxe7 Qxe7 17. Bc4 O-O 18. Qc2 Be6 19. Na4 Rfd8 20. Rfd1 a5 21. Nb6
Ra7 22. bxa5 Rxa5 23. Nb3 Ra7 24. Bxe6 Nxe6 25. Qxc6 Rxa2 26. Nc8 Rxd1+ 27.
Rxd1 Qb4 28. Nc1 Rd2 29. Rf1 Qxe4 30. Qc3 Rc2 31. Ne7+ Kh7 0-1

[Event "Int. Stuttgarter Stadtmeisterschaft A"]
[Site "Ditzingen"]
[Date "2019.05.30"]
[Round "1.43"]
[White "Schallner, Marc"]
[Black "Kreyer, Steve"]
[Result "1/2-1/2"]
[WhiteElo "2045"]
[BlackElo "1792"]
[PlyCount "128"]
[EventDate "2019.??.??"]
[WhiteTeam "SF 59 Kornwestheim"]
[BlackTeam "SC Feuerbach"]

1. e4 e5 2. Nf3 Nc6 3. Bc4 Bc5 4. d3 Nf6 5. Nc3 d6 6. Bg5 h6 7. Bxf6 Qxf6 8.
Nd5 Qd8 9. c3 a6 10. d4 exd4 11. cxd4 Ba7 12. h3 O-O 13. O-O Re8 14. Re1 Ne7
15. Nf4 c6 16. Qb3 d5 17. exd5 b5 18. Bd3 Qd6 19. Nh5 cxd5 20. Ng3 Be6 21. Bc2
g6 22. Qe3 Kg7 23. h4 Rac8 24. Qd2 Nc6 25. a4 Qb4 26. Qxb4 Nxb4 27. Bb3 Bb6 28.
Red1 Bg4 29. Rd2 f6 30. Ne1 Bc7 31. Nd3 Bd6 32. Nxb4 Bxb4 33. Rd3 Be6 34. Re3
Bf7 35. Rxe8 Rxe8 36. axb5 axb5 37. Ra7 Re7 38. Rxe7 Bxe7 39. Ne2 f5 40. g3 Bf6
41. f3 Kf8 42. Kf2 Ke7 43. Ke3 b4 44. Nc1 Ke6 45. Nd3 Be7 46. Ba4 Bd6 47. f4 g5
48. hxg5 hxg5 49. Bc6 Be7 50. Ne5 Bh5 51. Bd7+ Kf6 52. fxg5+ Kxg5 53. Be6 Bd6
54. Bxd5 Kf6 55. Bf3 Bxf3 56. Kxf3 Bxe5 57. dxe5+ Kxe5 58. Ke3 Kd5 59. Kf4 Kc4
60. Kxf5 Kb3 61. g4 Kxb2 62. g5 Kc1 63. g6 b3 64. g7 b2 1/2-1/2

[Event "Int. Stuttgarter Stadtmeisterschaft A"]
[Site "Ditzingen"]
[Date "2019.05.30"]
[Round "1.44"]
[White "Schmidt, Markus"]
[Black "Ludwig, Sebastian"]
[Result "1-0"]
[WhiteElo "1761"]
[BlackElo "2034"]
[PlyCount "65"]
[EventDate "2019.??.??"]
[WhiteTeam "Stuttgarter SF 1879"]
[BlackTeam "SV Stuttgart-Wolfbusch"]

1. e4 e6 2. d3 d5 3. Nd2 Nf6 4. Ngf3 Bc5 5. d4 Be7 6. exd5 exd5 7. Bd3 Bg4 8.
h3 Bh5 9. O-O Nc6 10. c3 Qd7 11. Qc2 Bg6 12. Ne5 Qd6 13. Ndf3 Bxd3 14. Qxd3 Nd8
15. Bf4 Qb6 16. b4 Ne6 17. Bh2 O-O 18. a4 a5 19. b5 Rad8 20. c4 Qa7 21. c5 Rfe8
22. Rfe1 Ne4 23. Nd2 N6xc5 24. dxc5 Bxc5 25. Nxe4 dxe4 26. Qc4 Bxf2+ 27. Kh1
Rxe5 28. Bxe5 Bxe1 29. Rxe1 Rd7 30. Qxe4 Qc5 31. Qg4 f5 32. Qxf5 Qe7 33. Bc3
1-0

[Event "Int. Stuttgarter Stadtmeisterschaft A"]
[Site "Ditzingen"]
[Date "2019.05.30"]
[Round "1.45"]
[White "Denk, JÃ¼rgen"]
[Black "Forster, Lukas"]
[Result "1/2-1/2"]
[WhiteElo "2028"]
[BlackElo "1745"]
[PlyCount "94"]
[EventDate "2019.??.??"]
[WhiteTeam "SC Leinzell"]
[BlackTeam "Stuttgarter SF 1879"]

1. d4 Nf6 2. c4 g6 3. g3 Bg7 4. Bg2 O-O 5. Nf3 d6 6. O-O Nc6 7. b3 a6 8. Bb2
Rb8 9. Nbd2 b5 10. Re1 Bd7 11. e4 Na5 12. Bc3 c5 13. dxc5 dxc5 14. e5 Ne8 15.
Ne4 Nb7 16. cxb5 axb5 17. Qe2 Nc7 18. Rad1 Ne6 19. Bh3 Qc8 20. Nfg5 Nf4 21.
gxf4 Bxh3 22. Nxh3 Qxh3 23. Rd3 Qf5 24. Qf3 Bh6 25. Bd2 Ra8 26. Ng3 Qc8 27. f5
Bxd2 28. Rxd2 Rd8 29. Rde2 Rd4 30. e6 f6 31. fxg6 hxg6 32. Re4 Nd6 33. Rxd4
cxd4 34. Qg4 Kh7 35. h4 Qc3 36. Rd1 Qc2 37. h5 Rxa2 38. Qxd4 Kg7 39. hxg6 Qxg6
40. Qf4 Re2 41. Rxd6 exd6 42. Qxd6 Re5 43. Qd7+ Kg8 44. e7 f5 45. Kf1 Qe6 46.
Qe8+ Kh7 47. Qh5+ Kg8 1/2-1/2

[Event "Int. Stuttgarter Stadtmeisterschaft A"]
[Site "Ditzingen"]
[Date "2019.05.30"]
[Round "1.46"]
[White "Giebler, Kai"]
[Black "Schulte, Torsten"]
[Result "0-1"]
[WhiteElo "1730"]
[BlackElo "2023"]
[PlyCount "124"]
[EventDate "2019.??.??"]
[WhiteTeam "TSF Ditzingen"]
[BlackTeam "SC Böblingen 1975 e.V."]

1. e4 Nc6 2. Nf3 e5 3. d4 exd4 4. Nxd4 Bc5 5. Nb3 Bb6 6. Nc3 Nf6 7. Bg5 d6 8.
Qe2 h6 9. Bh4 Nd4 10. Qd3 Nxb3 11. axb3 Qe7 12. O-O-O Be6 13. f4 O-O-O 14. f5
g5 15. fxe6 gxh4 16. exf7 Kb8 17. Qf3 Qxf7 18. Nd5 Rdf8 19. Nxb6 axb6 20. Bd3
Nd7 21. Rhf1 Qxf3 22. gxf3 Rhg8 23. Rf2 Ne5 24. Rdf1 Kc8 25. Be2 Rf4 26. Kd2
Kd7 27. Ke3 Rgf8 28. Rg1 R8f7 29. Rg8 c6 30. h3 b5 31. Rh8 R4f6 32. f4 Ng6 33.
Bg4+ Kc7 34. Rc8+ Kb6 35. Bh5 Re7 36. Rg8 Nf8 37. Rg4 Rfe6 38. f5 Rf6 39. Rxh4
Nd7 40. Bg6 d5 41. b4 Ne5 42. Rg2 Nc4+ 43. Kd4 dxe4 44. b3 Rd6+ 45. Kc3 Ne3 46.
Rg1 Nd1+ 47. Rxd1 Rxd1 48. f6 Re6 49. Rf4 e3 50. Bh5 e2 51. Bxe2 Rxe2 52. f7
Re3+ 53. Kb2 Rd8 54. f8=Q Rxf8 55. Rxf8 Rxh3 56. c4 bxc4 57. bxc4 h5 58. Rf7 h4
59. b5 cxb5 60. Rf6+ Kc5 61. Rf7 bxc4 62. Rxb7 Rb3+ 0-1

[Event "Int. Stuttgarter Stadtmeisterschaft A"]
[Site "Ditzingen"]
[Date "2019.05.30"]
[Round "2.1"]
[White "Mareck, Sascha"]
[Black "Sumets, Andrey"]
[Result "0-1"]
[WhiteElo "2137"]
[BlackElo "2585"]
[PlyCount "54"]
[EventDate "2019.??.??"]
[WhiteTeam "SV NÃ¼rtingen"]
[BlackTeam "SF Lilienthal von 1971"]

1. d4 Nf6 2. Nf3 d5 3. c4 e6 4. g3 dxc4 5. Bg2 Nc6 6. Qa4 Bb4+ 7. Bd2 Nd5 8.
Bxb4 Ndxb4 9. O-O Rb8 10. Nc3 a6 11. a3 b5 12. Qd1 Nd5 13. e4 Nxc3 14. bxc3 O-O
15. e5 Na5 16. Nd2 c5 17. dxc5 Qc7 18. Qh5 Bb7 19. Rae1 Rbd8 20. Ne4 Bxe4 21.
Bxe4 g6 22. Qg5 Nb3 23. h4 Nxc5 24. h5 Rfe8 25. Kg2 Nd3 26. Bxd3 cxd3 27. h6
Qe7 0-1

[Event "Int. Stuttgarter Stadtmeisterschaft A"]
[Site "Ditzingen"]
[Date "2019.05.30"]
[Round "2.2"]
[White "Schröder, Jan-Christian"]
[Black "Hüttig, Michael"]
[Result "1-0"]
[WhiteElo "2569"]
[BlackElo "2114"]
[PlyCount "65"]
[EventDate "2019.??.??"]
[WhiteTeam "SV 1920 Hofheim"]
[BlackTeam "SC Erdmannhausen"]

1. e4 e5 2. Nf3 Nc6 3. Bc4 Nf6 4. d3 Bc5 5. O-O d6 6. c3 Bb6 7. a4 a6 8. Re1
Bg4 9. Nbd2 g5 10. Nf1 Rg8 11. b4 Rg6 12. a5 Ba7 13. b5 Bxf3 14. Qxf3 Ne7 15.
bxa6 bxa6 16. d4 g4 17. Qd1 d5 18. exd5 e4 19. Ng3 Nfxd5 20. Nxe4 Kf8 21. Qd3
Kg8 22. Bd2 Qd7 23. Bxa6 f5 24. Ng3 f4 25. Ne4 Qf5 26. Bc4 Kh8 27. Nc5 Qh5 28.
Re5 Qh4 29. Bxd5 Nxd5 30. Rxd5 Rf8 31. Rf5 Bxc5 32. dxc5 Rd8 33. Qe4 1-0

[Event "Int. Stuttgarter Stadtmeisterschaft A"]
[Site "Ditzingen"]
[Date "2019.05.30"]
[Round "2.3"]
[White "Schwab, Matthias"]
[Black "Nasuta, Grzegorz"]
[Result "0-1"]
[WhiteElo "2114"]
[BlackElo "2518"]
[PlyCount "82"]
[EventDate "2019.??.??"]
[WhiteTeam "SC Weiße Dame Ulm e.V."]
[BlackTeam "Godesberger SK 1929 e. V"]

1. d4 Nf6 2. c4 g6 3. Nc3 d5 4. cxd5 Nxd5 5. e4 Nxc3 6. bxc3 Bg7 7. Be3 c5 8.
Rc1 Qa5 9. Qd2 O-O 10. Nf3 Rd8 11. d5 e6 12. Bg5 f6 13. Be3 exd5 14. exd5 Na6
15. Bd3 Kh8 16. c4 Qxd2+ 17. Nxd2 b6 18. O-O Bd7 19. Rfe1 Re8 20. Bb1 f5 21.
Nf3 Kg8 22. Bf4 Bb2 23. Rxe8+ Rxe8 24. Re1 b5 25. cxb5 Rxe1+ 26. Nxe1 Bxb5 27.
Nd3 Bd4 28. Bd6 Bc4 29. Nf4 Nb4 30. Ne6 Nxd5 31. Bxc5 Bxc5 32. Nxc5 Nc3 33. Bd3
Bxd3 34. Nxd3 Nxa2 35. Kf1 Nc3 36. Ke1 Kf7 37. Kd2 Nb5 38. Ke3 Ke6 39. Kf4 Kf6
40. h4 a5 41. f3 a4 0-1